zpět

Detail výsledku týmu

Chicago Bar & Grill ČT, Liberec

Datum a čas kvízu

24.5 Celkem bodů Celkový počet nahraných bodů na tomto kvízu bez doplňovacích otázek.
4. Pořadí na kvízu Konečné umístění týmu na tomto kvízu.

Zaznamenané odpovědi

# Otázka Odpověď Body Výsledky
1. Která česká zoologická zahrada... Zoo Plzeň 0
2. Koho si vybral Kim Čong-un jak... A 1
3. Ve čtvrtek vyšel trailer na no... bude černobílá 1
4. Média minulý týden informovala... z Lisabonu 0
5. Na sociálních sítích jste mohl... B) krasobruslení 1
6. Hned v úvodu bod rozdělíme: za... Ulánbátar; Altaj 0.5
7. Z následujících možností vyber... A 0
8. Jak se jmenuje hudební skupina... The Hu 0
9. Tato obydlí se v Mongolsku ozn... jurta 1
10. Jak se jmenuje česká spisovate... Petra Hůlová 0